000 00580 a2200157 4500
020 _a1568812841
040 _aDLC
_bDLC
100 1 _aMaurina, Edward F.,
245 1 4 _aThe game programmer's guide to Torque: under the hood of the Torque Game Engine
_bunder the hood of the Torque Game Engine
_cEdward F. Maurina III.
260 _aWellesley, Mass. :
_bA K Peters,
_cc2006.
300 _aix, 608 p. :
_bill. ;
_c24 cm. +
_e1 CD-ROM (4 3/4 in.)
500 _a"A GarageGames book."
500 _aIncludes index.
650 0 _aComputer games
_xProgramming.
942 _cBK
_k006.6 MAU
_2ddc
999 _c9741
_d9741